| 000 | 00000nam##2200000za#4500 |
| 001 | 9.576327 |
| 003 | CaOODSP |
| 005 | 20210624185103 |
| 007 | cr ||||||||||| |
| 008 | 150406|1981||||xxc|||||o f|0| 0 eng|d |
| 040 | |aCaOODSP|beng |
| 043 | |an-cn--- |
| 086 | 1 |aFs97-13/270E-PDF |
| 110 | 1 |aCanada. |bDepartment of Fisheries and Oceans. |
| 245 | 14|aThe distribution of temperature, salinity and density on Flemish Cap (47°00 ' N, 45°00 ' W) in April, May and July 1980 / |h[electronic resource]|cby Ted A. Kendaris. |
| 260 | |aSt. John's - Newfoundland and Labrador : |bFisheries and Oceans Canada |c1981. |
| 300 | |a180p.|bfigs., references |
| 490 | 1 |aCanadian data report of fisheries and aquatic sciences|vNo. 270 |
| 500 | |aOn t.p.: Research and Resource Services, St. John's, Newfoundland. Catalogue number of the print edition appears in the PDF version. |
| 546 | |a(Résumé en français) |
| 590 | |a13-10-Supp|b2013-04-13 |
| 720 | 1 |aKendaris, Ted A. |
| 830 | #0|aCanadian data report of fisheries and aquatic sciences ;|vNo. 270|w(CaOODSP)9.505124 |
| 856 | 40|ahttp://publications.gc.ca|qPDF|s4125 KB|uhttps://publications.gc.ca/collections/collection_2013/mpo-dfo/Fs97-13-270-eng.pdf|yNo. 270 |